000 01495 a2200301 4500
001 60626
005 20260407155858.0
008 260407a2001 arg spa d
003 AR-UNSa-BCEJYS
040 _aAR-UNSa-BCEJYS
_bspa
_cAR-UNSa-BCEJYS
080 _a316.77:32
_xComunicación política
245 1 0 _aComunicación gubernamental
020 _a978-950-12-2713-0
264 1 _aBuenos Aires :
_bPaidós
_c2001
300 _a217 p.
_c23 cm.
505 _a1. La comunicación gubernamental en perspectiva histórica / Oscar Andrés De Masi - 2. Notas sobre una experiencia de comunicación gubernamental: el Ministerio de Economía argentino, 1991-1996 / Guillermo Gasió y Belén Amadeo (con colaboración de María Jaunarena) – 3. Marketing y comunicación de gobierno / Luis Stuhlman – 4. Libertad de información e información reservada del Estado / Damián Loreti – 5. Comunicación y seguridad / Sergio Crivelli – 6. Secretarios de Prensa en los Estados Unidos y en la Argentina / Mariana Barresi – 7. Los órganos de la administración nacional encargados de la comunicación gubernamental / Carmen Porqueres de Sycz
041 _aspa
942 _cBK
590 _aniveau_biblio:m niveau_hierar:0
100 1 _aDe Masi, Oscar Andrés
700 1 _aAmadeo, Belén
700 1 _aBarresi, Mariana
700 1 _aCrivelli, Sergio
700 1 _aCasió, Guillermo
700 1 _aLoreti, Damián
700 1 _aPosqueres de Sycz, Carmen
700 1 _aStuhlamn, Luis
999 _c7082
_d7082